000 00669nam a2200205 i 4500
001 92856
003 ES-MaACL
005 20230906181055.0
007 t|
008 050330s1916 ag ||||1| spa d
100 1 _aLiqueno, José M.
_972521
245 1 0 _aFray Fernando de Trejo y Sanabria /
_cJosé María Liqueno.
260 _aCórdoba (Rep. Argentina) :
_bCumbres,
_c1916.
300 _a2 v. ;
_c28 cm.
490 1 _aBiblioteca del tercer Centenario Universal Nacional
700 1 _aTrejo y Sanabria, Fernando de.
_9111290
830 0 _aBiblioteca del tercer Centenario Universal Nacional
_9232064
852 _aES-MaACL
_jF-1105-06
999 _c92856
_d92856